|
|
|
|
| LEADER |
00955nam a2200277 4500 |
| 001 |
DLU090090638 |
| 005 |
##20090526 |
| 040 |
# |
# |
|a DLU
|b vie
|
| 041 |
# |
# |
|a vie
|
| 044 |
# |
# |
|a vn
|
| 100 |
# |
# |
|a Trương Đắc Linh,
|c ThS.
|
| 245 |
# |
# |
|a Sự kiểm tra giám sát của Hội đồng nhân dân và Ủy ban nhân dân đối với các văn bản quy phạm pháp luật được ban hành ở địa phương /
|c aTrương Đắc Linh.
|
| 653 |
# |
# |
|a Ủy ban nhân dân
|
| 653 |
# |
# |
|a Hội đồng nhân dân
|
| 653 |
# |
# |
|a Kiểm tra giám sát
|
| 653 |
# |
# |
|a Văn bản quy phạm pháp luật
|
| 773 |
# |
# |
|t Nhà nước và pháp luật
|g Số 7, 2000, tr. 19-27
|
| 920 |
# |
# |
|a Phòng Tạp chí -- Trung tâm Thông tin - Thư viện Trường Đại học Đà Lạt
|
| 994 |
# |
# |
|a DLU
|
| 900 |
# |
# |
|a True
|
| 911 |
# |
# |
|a Nguyễn Thị Mai Anh
|
| 925 |
# |
# |
|a G
|
| 926 |
# |
# |
|a A
|
| 927 |
# |
# |
|a BB
|
| 980 |
# |
# |
|a Thư viện Trường Đại học Đà Lạt
|